Bahasa Malaysia Tahun 4.5.6. : Salleh Ahmad

Bibliographic Details
Main Author: Salleh Ahmad
Format: Book
Published: Petaling Jaya : Sasbadi Sdn. Bhd. , 1996
Series:Bantuan studi lengkap UPSR

MARC

LEADER 00000cam a2200000 7i4500
001 0000007275
002 000007826
005 20000330.0
020 |a 9830294528 
090 0 0 |a 499.28   |b SAL 
100 0 |a Salleh Ahmad 
245 1 0 |a Bahasa Malaysia Tahun 4.5.6. :   |b Salleh Ahmad 
260 |a Petaling Jaya :   |b Sasbadi Sdn. Bhd. ,   |c 1996 
300 |a 226p. :   |b ill ;   |c 26cm. 
490 0 |a Bantuan studi lengkap UPSR 
999 |a 054134   |b BUKU   |c PINJAMAN   |e PERPUSTAKAAN KOMUNITI CAW KOTA DAMANSARA 
999 |a 055135   |b BUKU   |c PINJAMAN   |e PERPUSTAKAAN KOMUNITI CAW KOTA DAMANSARA 
999 |a 055136   |b BUKU   |c PINJAMAN   |e PERPUSTAKAAN KOMUNITI CAW KOTA DAMANSARA